000 00424nam a2200181Ia 4500
001 14001
005 20260306164842.0
008 260306t2009||||xx |||||||||||||| ||spa||
041 _aESP
082 _a005.7592
_bW44
100 _aWelling, Luke
_eAUT
245 0 _aDesarrollo web con PHP y MySQL
260 _c2009
300 _a976 páginas :
_c22 cm.
650 _aGEN
654 _aCCC
942 _cLIB
_dJUS
_fJUS
_2ddc
_n
999 _c14001
_d14001